01329nam a2200325Ia 4500001001200000003000800012006001900020007001500039008004100054010001700095020001800112040002100130035002100151050002900172082001800201100003400219245016500253260003200418300002500450504005100475533015200526650002800678650004600706650002900752655002900781700003100810710001700841856012600858999001900984ebr10370299CaPaEBRm u cr cn|||||||||090604s2010 nyua sb 001 0 eng d z 2009021988 z9780814414644 aCaPaEBRcCaPaEBR a(OCoLC)56033849414aHF5549.5.T7bK573 2010eb04a658.3/1242221 aKirkpatrick, James D.,d1952-10aTraining on trialh[electronic resource] :bhow workplace learning must reinvent itself to remain relevant /cJames D. Kirkpatrick and Wendy Kayser Kirkpatrick. aNew York :bAMACOM,cc2010. axiii, 239 p. :bill. aIncludes bibliographical references and index. aElectronic reproduction.bPalo Alto, Calif. :cebrary,d2010.nAvailable via World Wide Web.nAccess may be limited to ebrary affiliated libraries. 0aEmployeesxTraining of. 0aEmployee training personnelxTraining of. 0aOrganizational learning. 7aElectronic books.2local1 aKirkpatrick, Wendy Kayser.2 aebrary, Inc.40uhttp://site.ebrary.com/lib/rucke/Doc?id=10370299zAn electronic book accessible through the World Wide Web; click to view c109627d109627